[Event "IECG TG-2009-0-15956"]
[Site "IECG email"]
[Date "2009.08.02"]
[Round "2"]
[White "Lunergan, Brian"]
[Black "Harper, Roy"]
[Result "0-1"]
[WhiteElo "1112"]
[BlackElo "1258"]
[PlyCount "136"]
[EventDate "2009.08.02"]
[EventType "tourn (corr)"]
[EventRounds "6"]
[SourceTitle "Corr 2024"]
[Source "ChessBase"]
[SourceDate "2023.10.19"]
[SourceVersion "1"]
[SourceVersionDate "2023.10.19"]
[SourceQuality "1"]

1. Nc3 Nc6 2. Nf3 d5 3. d4 Bf5 4. Bf4 e6 5. e3 Bd6 6. Bb5 Nge7 7. 0-0 Bxf4 8. exf4 Bg4 9. Qd3 a6 10. Bxc6+ Nxc6 11. Ne5 Nxe5 12. fxe5 0-0 13. Na4 b6 14. Qd2 Rc8 15. Rac1 c5 16. Qf4 Bh5 17. dxc5 b5 18. g4 Bg6 19. Nc3 Rxc5 20. Rfd1 Rc4 21. Rd4 Rxd4 22. Qxd4 Qg5 23. Ne2 h5 24. f3 hxg4 25. fxg4 Be4 26. h3 Rc8 27. c3 Qh6 28. Qf2 Qxh3 29. Qg3 Qxg3+ 30. Nxg3 Bg6 31. Ne2 Rc4 32. Nd4 b4 33. Kf2 bxc3 34. bxc3 Ra4 35. Ra1 Ra3 36. Nb3 f6 37. exf6 gxf6 38. Ke2 e5 39. Kd2 Ra4 40. Nc5 Rxg4 41. Rd1 Rg2+ 42. Ke3 Bf7 43. Nxa6 Rc2 44. Rg1+ Kf8 45. Kd3 Rxa2 46. Nb4 Rb2 47. Nc6 Be8 48. Na5 Kf7 49. Rc1 Ke6 50. Rg1 f5 51. c4 d4 52. Rh1 f4 53. Rh6+ Kf5 54. Rh8 Bg6 55. c5 f3 56. Rf8+ Kg5+ 57. Kc4 f2 58. Kd5 Bf5 59. Nc4 Rc2 60. Nxe5 f1Q 61. Rb8 Qh1+ 62. Kd6 Qh6+ 63. Kd5 Qe6+ 64. Kxd4 Kf4 65. Nd3+ Bxd3 66. Rf8+ Bf5 67. Rxf5+ Kxf5 68. Kd3 Qe4# 0-1

[Event "IECG TG-2009-0-15945"]
[Site "IECG email"]
[Date "2009.07.08"]
[Round "2"]
[White "Lunergan, Brian"]
[Black "Washburn, David"]
[Result "1/2-1/2"]
[WhiteElo "1112"]
[BlackElo "1418"]
[PlyCount "122"]
[EventDate "2009.07.08"]
[EventType "tourn (corr)"]
[EventRounds "6"]
[SourceTitle "Corr 2024"]
[Source "ChessBase"]
[SourceDate "2023.10.19"]
[SourceVersion "1"]
[SourceVersionDate "2023.10.19"]
[SourceQuality "1"]

1. Nf3 d5 2. g3 c5 3. Bg2 Nc6 4. d4 cxd4 5. Nxd4 e5 6. Nxc6 bxc6 7. 0-0 Bc5 8. Nd2 Ne7 9. Nb3 Bb6 10. a4 a5 11. e4 Ba6 12. Re1 d4 13. f4 0-0 14. fxe5 Ng6 15. Bf4 Re8 16. Bf1 Bxf1 17. Rxf1 Nxe5 18. Bxe5 Rxe5 19. Qd3 c5 20. Nd2 Bc7 21. Nc4 Re6 22. Rf5 Qe7 23. Raf1 f6 24. Qa3 Be5 25. Nxe5 Rxe5 26. Rxe5 Qxe5 27. Rf5 Qxe4 28. Qxc5 Qe1+ 29. Kg2 Qe4+ 30. Kh3 d3 31. cxd3 Qxd3 32. Qd5+ Qxd5 33. Rxd5 Kf7 34. Rb5 g5 35. Kg4 Kg6 36. Kf3 h5 37. b4 axb4 38. Rxb4 Ra6 39. Ke3 Kf5 40. Kd4 Ke6 41. Kc5 Kd7 42. Kb5 Re6 43. a5 Kc7 44. Rc4+ Kb7 45. Rc5 h4 46. g4 Rd6 47. h3 Re6 48. Rd5 Kc7 49. Rc5+ Kb7 50. Rf5 Rd6 51. Kc5 Ra6 52. Kb5 Rd6 53. Rf3 Re6 54. Ra3 Re5+ 55. Kc4 f5 56. Kd4 Re4+ 57. Kd5 Rf4 58. a6+ Ka7 59. gxf5 Rxf5+ 60. Ke6 Rf4 61. Ke5 Rf8 1/2-1/2

[Event "IECG TG-2009-0-15912"]
[Site "IECG email"]
[Date "2009.03.01"]
[Round "2"]
[White "Larosa, Philippe"]
[Black "Lunergan, Brian"]
[Result "1-0"]
[WhiteElo "800"]
[BlackElo "1141"]
[PlyCount "139"]
[EventDate "2009.03.01"]
[EventType "tourn (corr)"]
[EventRounds "6"]
[SourceTitle "Corr 2024"]
[Source "ChessBase"]
[SourceDate "2023.10.19"]
[SourceVersion "1"]
[SourceVersionDate "2023.10.19"]
[SourceQuality "1"]

1. e4 c5 2. Nf3 Nc6 3. Bc4 d6 4. Nc3 e6 5. 0-0 Nf6 6. d3 Be7 7. h3 0-0 8. Re1 d5 9. exd5 exd5 10. Bb5 d4 11. Ne4 Bd7 12. Bf4 Nd5 13. Bd6 Bxd6 14. Nxd6 Qc7 15. Ne4 Ne5 16. Nxe5 Bxb5 17. a4 Bxa4 18. Rxa4 Nb6 19. Ra5 Qxe5 20. Nxc5 Qc7 21. Nb3 Rfd8 22. Re4 Nd7 23. Rxd4 Re8 24. c3 Re6 25. Re4 Rxe4 26. dxe4 Nf6 27. Ra4 Rd8 28. Rd4 Re8 29. Nd2 a5 30. Qf3 h5 31. Nc4 b6 32. Qf5 Re6 33. e5 Nd7 34. f4 g6 35. Qg5 Nf8 36. f5 Rc6 37. Rd8 Rxc4 38. fxg6 Qc5+ 39. Kh2 fxg6 40. Qxg6+ Kh8 41. Qxh5+ Kg7 42. Qg5+ Kf7 43. Qf6+ Kg8 44. e6 Qc7+ 45. g3 Qg7 46. Qxg7+ Kxg7 47. e7 Ne6 48. e8Q Nxd8 49. Qxd8 Rc5 50. Qxb6 Re5 51. c4 Re2+ 52. Kg1 Re1+ 53. Kf2 Re7 54. c5 Rf7+ 55. Kg2 a4 56. c6 Re7 57. c7 Re2+ 58. Kf3 Re8 59. Qd4+ Kg6 60. Qxa4 Rf8+ 61. Kg2 Kg7 62. Qd7+ Kg6 63. c8Q Rxc8 64. Qxc8 Kf6 65. Qe8 Kf5 66. Kf3 Kf6 67. Kg4 Kg7 68. Kg5 Kh7 69. Kf6 Kh6 70. Qh8# 1-0

[Event "IECG CP.2008.P.00018 email"]
[Site "IECG email"]
[Date "2008.10.01"]
[Round "?"]
[White "Wlasow, Andrey"]
[Black "Lunergan, Brian"]
[Result "1-0"]
[WhiteElo "2222"]
[BlackElo "1165"]
[PlyCount "121"]
[EventDate "2008.10.01"]
[EventType "tourn (corr)"]
[EventRounds "6"]
[EventCountry "ARG"]
[SourceTitle "Corr 2024"]
[Source "ChessBase"]
[SourceDate "2023.10.19"]
[SourceVersion "1"]
[SourceVersionDate "2023.10.19"]
[SourceQuality "1"]

1. a3 e5 2. c4 Nf6 3. e3 Be7 4. Qc2 0-0 5. Nc3 d6 6. g3 Be6 7. Nf3 Nc6 8. d4 exd4 9. exd4 Bg4 10. Qd3 Bxf3 11. Qxf3 Nxd4 12. Qd1 Nc6 13. Bg2 Nd7 14. 0-0 Bf6 15. Bd2 Nb6 16. b3 Re8 17. Rb1 Bg5 18. Bxg5 Qxg5 19. Nd5 Qd8 20. Rc1 Nd7 21. Re1 Re5 22. Qc2 Nc5 23. b4 Nd4 24. Qc3 Ncb3 25. Ne3 Nxc1 26. Qxd4 c5 27. Qc3 Na2 28. Qd2 Nxb4 29. axb4 Re7 30. Rd1 cxb4 31. Qxb4 a5 32. Qc3 Qf8 33. Nd5 Re2 34. Ne3 a4 35. Be4 Rxe3 36. Qxe3 Qb8 37. Bd5 Qe8 38. Qxe8+ Rxe8 39. Bxb7 Rb8 40. Rxd6 h5 41. Bd5 a3 42. Ra6 Rb3 43. Kg2 g5 44. Ra7 h4 45. gxh4 gxh4 46. Bxf7+ Kg7 47. h3 Kf6 48. c5 Rc3 49. Ba2 Ke5 50. c6 Kd6 51. c7 Kd7 52. Bb1 Kd6 53. Bf5 Rxc7 54. Rxc7 Kxc7 55. Bb1 Kc6 56. Kf3 Kd5 57. Kg4 Ke5 58. Kxh4 Kf4 59. Ba2 Ke4 60. Kg5 Kf3 61. h4 1-0

[Event "IECG TG-2008-0-15845"]
[Site "IECG email"]
[Date "2008.05.25"]
[Round "1"]
[White "Lunergan, Brian"]
[Black "Vale, Thomas"]
[Result "1-0"]
[WhiteElo "1190"]
[BlackElo "1000"]
[PlyCount "77"]
[EventDate "2008.05.25"]
[EventType "tourn (corr)"]
[EventRounds "6"]
[SourceTitle "Corr 2024"]
[Source "ChessBase"]
[SourceDate "2023.10.19"]
[SourceVersion "1"]
[SourceVersionDate "2023.10.19"]
[SourceQuality "1"]

1. d4 d5 2. c4 e6 3. Nc3 Nf6 4. Bg5 Be7 5. e3 0-0 6. Nf3 Nbd7 7. Rc1 c6 8. Bd3 dxc4 9. Bxc4 Nd5 10. Bxe7 Qxe7 11. Ne4 Qb4+ 12. Qd2 Qxd2+ 13. Kxd2 Rd8 14. a4 N5f6 15. Nxf6+ Nxf6 16. a5 Ne4+ 17. Ke2 Nd6 18. Bd3 Nf5 19. h4 Bd7 20. g4 Nd6 21. b4 Kh8 22. Rc4 Nxc4 23. Bxc4 f6 24. g5 b6 25. a6 Rac8 26. Rd1 Rc7 27. Rg1 c5 28. dxc5 bxc5 29. b5 Rcc8 30. e4 Rb8 31. Rd1 Be8 32. Rxd8 Rxd8 33. gxf6 gxf6 34. e5 fxe5 35. Nxe5 Rd6 36. Nd3 Rd4 37. b6 axb6 38. a7 Rd8 39. Bxe6 1-0

[Event "IECG TG-2008-0-15821"]
[Site "IECG email"]
[Date "2008.02.22"]
[Round "1"]
[White "Lunergan, Brian"]
[Black "Webb, Ian"]
[Result "0-1"]
[WhiteElo "1216"]
[BlackElo "1208"]
[PlyCount "72"]
[EventDate "2008.02.22"]
[EventType "tourn (corr)"]
[EventRounds "6"]
[SourceTitle "Corr 2024"]
[Source "ChessBase"]
[SourceDate "2023.10.19"]
[SourceVersion "1"]
[SourceVersionDate "2023.10.19"]
[SourceQuality "1"]

1. d4 Nf6 2. c4 e6 3. Nf3 b6 4. g3 Bb7 5. Bg2 Be7 6. Nc3 Ne4 7. Bd2 Bf6 8. 0-0 0-0 9. Rc1 d5 10. cxd5 exd5 11. Bf4 Na6 12. e3 c5 13. Be5 Re8 14. Re1 Nxc3 15. Rxc3 Be7 16. dxc5 bxc5 17. Nd2 Nb4 18. Ra3 Nc6 19. Nf3 c4 20. Ra4 Nxe5 21. Nxe5 Rb8 22. Rxa7 Bb4 23. Nxf7 Qb6 24. Rxb7 Rxb7 25. Ng5 Bxe1 26. Bxd5+ Kh8 27. Qxe1 Qxb2 28. Bxb7 Qxb7 29. Qd1 Rb8 30. h4 Qb1 31. Ne4 Qxd1+ 32. Kg2 Rb1 33. g4 Qh1+ 34. Kg3 Qxe4 35. h5 Rg1+ 36. Kh4 Qxg4# 0-1

[Event "IECG CP.2007.P.00059 email"]
[Site "IECG email"]
[Date "2007.10.01"]
[Round "?"]
[White "Isaacson, David"]
[Black "Lunergan, Brian"]
[Result "1-0"]
[WhiteElo "2148"]
[BlackElo "1220"]
[PlyCount "109"]
[EventDate "2007.10.01"]
[EventType "tourn (corr)"]
[EventRounds "6"]
[SourceTitle "Corr 2024"]
[Source "ChessBase"]
[SourceDate "2023.10.19"]
[SourceVersion "1"]
[SourceVersionDate "2023.10.19"]
[SourceQuality "1"]

1. e4 c5 2. Nf3 Nc6 3. d4 cxd4 4. Nxd4 Nf6 5. Nc3 d6 6. Bc4 Qb6 7. Nb3 e6 8. 0-0 Be7 9. Kh1 0-0 10. f4 Rd8 11. Qf3 Nb4 12. Be3 Qc7 13. Bd3 Bd7 14. a3 Nxd3 15. cxd3 Rdc8 16. Rac1 Qd8 17. Nd4 e5 18. fxe5 dxe5 19. Nf5 Bxf5 20. Qxf5 Qxd3 21. Nd5 Rxc1 22. Nxe7+ Kf8 23. Bxc1 Kxe7 24. Bg5 Qd6 25. Qxh7 Qa6 26. Re1 g6 27. Qh3 Rd8 28. Qg3 Qb5 29. Qf2 Rd6 30. Rf1 Qa6 31. b4 Qc6 32. b5 Qb6 33. Qxb6 Rxb6 34. a4 Rd6 35. g4 a6 36. h4 axb5 37. axb5 b6 38. h5 gxh5 39. gxh5 Rd3 40. Bxf6+ Ke6 41. Kg2 Rd2+ 42. Kg3 Rd3+ 43. Kg4 Re3 44. h6 Rxe4+ 45. Kh5 Rc4 46. h7 Rc8 47. Kg5 e4 48. Rd1 e3 49. Rd8 Rc5+ 50. Kg4 Kxf6 51. h8Q+ Ke6 52. Qd4 f5+ 53. Kg5 f4+ 54. Kg6 Rf5 55. Re8# 1-0

[Event "IECG CP.2007.P.00059 email"]
[Site "IECG email"]
[Date "2007.10.01"]
[Round "?"]
[White "Lunergan, Brian"]
[Black "Stilman, Eduardo"]
[Result "0-1"]
[WhiteElo "1220"]
[BlackElo "1956"]
[PlyCount "96"]
[EventDate "2007.10.01"]
[EventType "tourn (corr)"]
[EventRounds "6"]
[SourceTitle "Corr 2011"]
[Source "ChessBase"]
[SourceDate "2010.08.31"]
[SourceVersion "1"]
[SourceVersionDate "2010.08.31"]
[SourceQuality "1"]

1. Nf3 d5 2. g3 c6 3. Bg2 Bf5 4. 0-0 Nf6 5. d3 e6 6. Nbd2 h6 7. b3 Be7 8. Bb2 0-0 9. c4 Nbd7 10. a3 a5 11. Qc2 Bh7 12. Bc3 Bd6 13. b4 e5 14. bxa5 d4 15. Bb2 Qxa5 16. Nb3 Qa4 17. Rfc1 Rfe8 18. c5 Be7 19. Nfd2 Nd5 20. h4 Bf5 21. h5 Be6 22. Bxd5 cxd5 23. f4 Bg4 24. c6 bxc6 25. Qxc6 Qxc6 26. Rxc6 Bxe2 27. Rc7 Bg4 28. fxe5 Nxe5 29. Bxd4 Nxd3 30. Rc3 Be2 31. Nb1 Bf8 32. Ra2 Bd6 33. Rd2 Ne1 34. Kf2 Bc4 35. Bc5 Bc7 36. Kg1 Rab8 37. Bb4 Re5 38. Nd4 Rbe8 39. a4 Rg5 40. Kf2 Bb6 41. a5 Rf5+ 42. Kg1 Bxd4+ 43. Rxd4 Rf1+ 44. Kh2 Re2+ 45. Kh3 f5 46. g4 Rg2 47. Bd6 Rh1+ 48. Bh2 Rhxh2# 0-1

[Event "IECG TG-2007-0-15756"]
[Site "IECG email"]
[Date "2007.06.09"]
[Round "2"]
[White "Lunergan, Brian"]
[Black "Michael, Holger"]
[Result "1-0"]
[WhiteElo "1162"]
[BlackElo "1253"]
[PlyCount "71"]
[EventDate "2007.06.09"]
[EventType "tourn (corr)"]
[EventRounds "6"]
[SourceTitle "Corr 2024"]
[Source "ChessBase"]
[SourceDate "2023.10.19"]
[SourceVersion "1"]
[SourceVersionDate "2023.10.19"]
[SourceQuality "1"]

1. Nf3 d5 2. d4 e6 3. c4 dxc4 4. e3 b5 5. a4 c6 6. axb5 cxb5 7. b3 Bb4+ 8. Bd2 Bd6 9. bxc4 bxc4 10. Bxc4 Nf6 11. 0-0 0-0 12. Nc3 Nc6 13. e4 Be7 14. d5 exd5 15. exd5 Nb4 16. Bf4 Bd6 17. Bxd6 Qxd6 18. Re1 Bb7 19. Re5 Rfc8 20. Qb3 a5 21. Rae1 Qc5 22. Nd2 Qd4 23. R1e2 Ba6 24. Bxa6 Rxc3 25. Qa4 Rc1+ 26. Nf1 h6 27. Bb5 Rd1 28. d6 Qxd6 29. R5e3 Rd4 30. Ng3 Qf4 31. Rc3 Nc6 32. Qa1 Nb4 33. Rf3 Qd6 34. Ba4 Ng4 35. h3 Ne5 36. Rfe3 1-0

[Event "IECG TG-2007-0-15738"]
[Site "IECG email"]
[Date "2007.04.16"]
[Round "?"]
[White "Lunergan, Brian"]
[Black "Terry, Bob"]
[Result "1-0"]
[WhiteElo "1162"]
[BlackElo "1200"]
[PlyCount "37"]
[EventDate "2007.04.16"]
[EventType "tourn (corr)"]
[EventRounds "6"]
[SourceTitle "Corr 2024"]
[Source "ChessBase"]
[SourceDate "2023.10.19"]
[SourceVersion "1"]
[SourceVersionDate "2023.10.19"]
[SourceQuality "1"]

1. Nf3 d5 2. g3 Nf6 3. Bg2 c6 4. 0-0 Bg4 5. d3 Nbd7 6. Nbd2 e5 7. h3 Bh5 8. e4 dxe4 9. dxe4 Qc7 10. Qe1 0-0-0 11. g4 Bg6 12. Nh4 Nc5 13. g5 Nh5 14. Nxg6 hxg6 15. Nf3 Ne6 16. Qc3 Nc5 17. Nxe5 Ne6 18. Nd3 Bd6 19. e5 1-0

[Event "IECG TE.2006.P.02304 email"]
[Site "IECG email"]
[Date "2006.12.20"]
[Round "?"]
[White "Buzas, Gyula"]
[Black "Lunergan, Brian"]
[Result "1-0"]
[WhiteElo "2326"]
[BlackElo "1138"]
[PlyCount "121"]
[EventDate "2006.12.20"]
[EventType "tourn (corr)"]
[EventRounds "12"]
[SourceTitle "Corr 2024"]
[Source "ChessBase"]
[SourceDate "2023.10.19"]
[SourceVersion "1"]
[SourceVersionDate "2023.10.19"]
[SourceQuality "1"]

1. e4 c5 2. c3 d5 3. exd5 Qxd5 4. d4 Nf6 5. Nf3 e6 6. Be2 Be7 7. 0-0 0-0 8. dxc5 Bxc5 9. Nbd2 Qd7 10. Nb3 Bd6 11. Bg5 Nc6 12. Bxf6 gxf6 13. Qd2 Rd8 14. Qh6 Qe7 15. Rad1 e5 16. Bd3 e4 17. Rfe1 Bf5 18. Nfd4 Nxd4 19. Nxd4 Bg6 20. Bxe4 Bxe4 21. f3 Qf8 22. Qxf8+ Kxf8 23. fxe4 Rd7 24. Nf5 Bc5+ 25. Kf1 Rad8 26. Rxd7 Rxd7 27. Ke2 Rd8 28. Rf1 Bb6 29. Rf4 Bc7 30. Rh4 Kg8 31. Nh6+ Kg7 32. Nxf7 Rd7 33. Nh6 Rd8 34. Nf5+ Kh8 35. Rh6 Be5 36. g4 a5 37. a4 Rc8 38. Kf3 Kg8 39. h4 Rd8 40. g5 fxg5 41. hxg5 Rd3+ 42. Kg4 Rd8 43. Re6 Bh2 44. Re7 Rc8 45. Nh6+ Kf8 46. Rf7+ Ke8 47. Rxh7 Rc6 48. Ng8 Bd6 49. Nf6+ Kd8 50. g6 Bf8 51. Kf5 Rd6 52. Rh8 Ke7 53. Nd5+ Kd7 54. Rxf8 Rxg6 55. Kxg6 Kc6 56. Rf7 Kd6 57. Kf5 b6 58. Rc7 b5 59. axb5 a4 60. c4 a3 61. c5# 1-0

[Event "IECG TE.2006.P.02304 email"]
[Site "IECG email"]
[Date "2006.12.20"]
[Round "?"]
[White "Lunergan, Brian"]
[Black "Klykow, Luke"]
[Result "0-1"]
[WhiteElo "1138"]
[BlackElo "1880"]
[PlyCount "128"]
[EventDate "2006.12.20"]
[EventType "tourn (corr)"]
[EventRounds "12"]
[SourceTitle "Corr 2024"]
[Source "ChessBase"]
[SourceDate "2023.10.19"]
[SourceVersion "1"]
[SourceVersionDate "2023.10.19"]
[SourceQuality "1"]

1. e4 c5 2. c3 d5 3. exd5 Nf6 4. d4 cxd4 5. Bb5+ Bd7 6. Bxd7+ Qxd7 7. cxd4 Nxd5 8. Ne2 g6 9. 0-0 Bg7 10. Nbc3 Nc6 11. Qb3 Nxc3 12. bxc3 0-0 13. Rb1 b6 14. Re1 Rac8 15. Qb5 Rfd8 16. Bg5 Na5 17. Bf4 e6 18. Qa6 Rc4 19. Bg5 f6 20. Be3 Ra4 21. Nc1 Nc4 22. Qb5 Qxb5 23. Rxb5 e5 24. Rd1 f5 25. Bg5 Rd7 26. d5 h6 27. Bd2 a6 28. Rb4 Rxb4 29. cxb4 Rxd5 30. Nb3 Bf8 31. Kf1 Bxb4 32. Bxb4 Rxd1+ 33. Ke2 Rg1 34. g3 g5 35. h4 gxh4 36. gxh4 Rg4 37. h5 Re4+ 38. Kd3 Nb2+ 39. Kc2 Rxb4 40. Kxb2 Rf4 41. Kc3 Rxf2 42. Nc1 Rh2 43. Nd3 e4 44. Nf4 Rxa2 45. Kd4 Rb2 46. Ng6 a5 47. Ne7+ Kh7 48. Nxf5 a4 49. Ne3 a3 50. Kc3 b5 51. Nd5 b4+ 52. Kd4 a2 53. Nf6+ Kh8 54. Nxe4 a1Q 55. Ke3 Qe1+ 56. Kd4 Re2 57. Nc5 Qd1+ 58. Nd3 b3 59. Kc3 Rc2+ 60. Kd4 b2 61. Ke4 b1Q 62. Kd4 Re2 63. Kc5 Qdxd3 64. Kc6 Rc2# 0-1

[Event "IECG TE.2006.P.02304 email"]
[Site "IECG email"]
[Date "2006.12.20"]
[Round "?"]
[White "Lunergan, Brian"]
[Black "Vazquez, Rene Delfin"]
[Result "0-1"]
[WhiteElo "1138"]
[BlackElo "2100"]
[PlyCount "170"]
[EventDate "2006.12.20"]
[EventType "tourn (corr)"]
[EventRounds "12"]
[SourceTitle "Corr 2024"]
[Source "ChessBase"]
[SourceDate "2023.10.19"]
[SourceVersion "1"]
[SourceVersionDate "2023.10.19"]
[SourceQuality "1"]

1. e4 c5 2. c3 Nf6 3. e5 Nd5 4. d4 cxd4 5. Nf3 Nc6 6. Bc4 Nb6 7. Bd3 d5 8. cxd4 Bg4 9. Bb5 e6 10. 0-0 Be7 11. Bxc6+ bxc6 12. Qc2 Rc8 13. Be3 Nc4 14. Nbd2 Nxe3 15. fxe3 Bf5 16. Qa4 Qb6 17. Qb3 Qa6 18. Rfc1 0-0 19. Kf2 c5 20. dxc5 Bxc5 21. Rc3 Rb8 22. Qd1 Bb4 23. Rb3 Rfc8 24. Nd4 Bd3 25. a3 Be7 26. Rc1 Rxb3 27. Rxc8+ Qxc8 28. Qxb3 Bg6 29. N2f3 f6 30. exf6 Bxf6 31. Qb5 Be8 32. Qa5 Qd7 33. Qc5 e5 34. Ne2 Bf7 35. b4 g5 36. h3 h6 37. b5 Be6 38. Qc6 Kf7 39. Qxd7+ Bxd7 40. a4 Ke6 41. g4 Kd6 42. Nd2 Kc5 43. Nc1 Be8 44. Nd3+ Kb6 45. Nb4 Bf7 46. Nc6 Bg7 47. Nd8 Bg8 48. Nc6 a6 49. Ne7 Be6 50. bxa6 Bf6 51. Ng6 Bf7 52. Nf8 Be8 53. Nb3 Be7 54. a5+ Kxa6 55. Ne6 Bc6 56. Nc7+ Ka7 57. Ne6 Bb4 58. Nec5 Bb5 59. Kg3 Bc4 60. Kf3 Ka8 61. Kg3 d4 62. exd4 exd4 63. Kf3 d3 64. Ke3 d2 65. Nxd2 Bxc5+ 66. Ke4 Ba6 67. Nb3 Bf8 68. Nd4 Bf1 69. Kf3 Bxh3 70. Ne6 Bb4 71. Nd8 h5 72. gxh5 g4+ 73. Kg3 Bd6+ 74. Kf2 g3+ 75. Kf3 g2 76. Nf7 Be7 77. Kg3 g1Q+ 78. Kxh3 Qe3+ 79. Kg4 Qe4+ 80. Kg3 Bh4+ 81. Kh2 Qf4+ 82. Kh1 Qf3+ 83. Kg1 Bf2+ 84. Kf1 Bd4+ 85. Ke1 Bc3# 0-1

[Event "IECG TG.2006.0.15692 email"]
[Site "IECG email"]
[Date "2006.12.16"]
[Round "1"]
[White "Lunergan, Brian"]
[Black "Drozdz, Andrzej"]
[Result "1-0"]
[WhiteElo "1138"]
[BlackElo "1135"]
[PlyCount "53"]
[EventDate "2006.12.16"]
[EventType "tourn (corr)"]
[EventRounds "6"]
[SourceTitle "Corr 2011"]
[Source "ChessBase"]
[SourceDate "2010.08.31"]
[SourceVersion "1"]
[SourceVersionDate "2010.08.31"]
[SourceQuality "1"]

1. c4 e5 2. Nc3 Nf6 3. g3 d5 4. cxd5 Bc5 5. e4 Ng4 6. Nh3 c6 7. f3 Nf6 8. f4 cxd5 9. fxe5 Nxe4 10. Qa4+ Bd7 11. Qb3 Nxc3 12. bxc3 Bxh3 13. Bxh3 Qe7 14. d4 0-0 15. dxc5 Qxe5+ 16. Kf2 Re8 17. Bf4 Qe2+ 18. Kg1 Nc6 19. Qxb7 Ne5 20. Bg2 Nd3 21. Rf1 Rab8 22. Qxd5 Rb1 23. Bc1 Re7 24. Bf3 Re5 25. Qxf7+ Kxf7 26. Bxe2+ Kg8 27. Bxd3 1-0

[Event "IECG TG.2006.0.15671 email"]
[Site "IECG email"]
[Date "2006.10.15"]
[Round "2"]
[White "Lunergan, Brian"]
[Black "Marcus, Frank"]
[Result "1-0"]
[WhiteElo "1069"]
[BlackElo "1154"]
[PlyCount "27"]
[EventDate "2006.10.15"]
[EventType "match (corr)"]
[EventRounds "2"]
[SourceTitle "Corr 2024"]
[Source "ChessBase"]
[SourceDate "2023.10.19"]
[SourceVersion "1"]
[SourceVersionDate "2023.10.19"]
[SourceQuality "1"]

1. Nc3 d5 2. e4 d4 3. Nce2 Bg4 4. f3 Bh5 5. Ng3 Bg6 6. f4 h6 7. f5 Bh7 8. Nf3 Nc6 9. Bb5 e6 10. fxe6 fxe6 11. Ne5 Nge7 12. Qh5+ g6 13. Qf3 Rg8 14. Qf7# 1-0

[Event "IECG TE.2006.P.02214 email"]
[Site "IECG email"]
[Date "2006.06.19"]
[Round "?"]
[White "Obando, Daniel"]
[Black "Lunergan, Brian"]
[Result "1-0"]
[WhiteElo "1600"]
[BlackElo "1061"]
[PlyCount "147"]
[EventDate "2006.06.19"]
[EventType "tourn (corr)"]
[EventRounds "12"]
[SourceTitle "Corr 2024"]
[Source "ChessBase"]
[SourceDate "2023.10.19"]
[SourceVersion "1"]
[SourceVersionDate "2023.10.19"]
[SourceQuality "1"]

1. d4 f5 2. e4 fxe4 3. Nc3 Nf6 4. Bg5 Nc6 5. d5 Ne5 6. Nge2 Nf7 7. Be3 c6 8. Ng3 cxd5 9. Nxd5 Qa5+ 10. Nc3 e6 11. Be2 Ba3 12. Qb1 Bb4 13. 0-0 Bxc3 14. bxc3 Qxc3 15. Rd1 d5 16. Bd4 Qc7 17. Bxf6 gxf6 18. Nh5 Qc3 19. Qc1 Bd7 20. Rb1 0-0-0 21. Rb3 Qe5 22. Qa3 f5 23. Qxa7 Bc6 24. Bb5 Bxb5 25. Rxb5 Qb8 26. Rc5+ Kd7 27. Qa4+ Ke7 28. Qb4 Rd6 29. Qd4 e5 30. Qb4 d4 31. c3 b6 32. Rd5 d3 33. f3 Qb7 34. fxe4 fxe4 35. c4 Rhd8 36. Ng3 Ke6 37. Nxe4 Rxd5 38. cxd5+ Qxd5 39. Qxb6+ Ke7 40. Qf6+ Ke8 41. Rf1 Qc4 42. Nd2 Qd4+ 43. Kh1 Qd5 44. a4 h6 45. a5 Rd6 46. Qg7 Ke7 47. Ne4 Rc6 48. h3 Qc4 49. Rf3 Qa2 50. Rf2 Qd5 51. Nf6 Rxf6 52. Qxf6+ Ke8 53. a6 d2 54. Rxd2 Qxd2 55. a7 Qd5 56. Qa6 Qa8 57. Qb5+ Ke7 58. Qb8 Qc6 59. a8Q Qc1+ 60. Kh2 Qf4+ 61. g3 Qf2+ 62. Qg2 Qf5 63. Qb4+ Kf6 64. Qf8 Kg6 65. Qg8+ Kf6 66. Qa2 Qe6 67. Qf2+ Ke7 68. Qg7 Kd8 69. Qf8+ Qe8 70. Qb6+ Kd7 71. Qb7+ Ke6 72. Qxe8+ Kf5 73. Qexf7+ Kg5 74. Qbe7# 1-0

[Event "IECG TE.2006.P.02214 email"]
[Site "IECG email"]
[Date "2006.06.19"]
[Round "?"]
[White "Romero, Agustin"]
[Black "Lunergan, Brian"]
[Result "0-1"]
[WhiteElo "885"]
[BlackElo "1061"]
[PlyCount "93"]
[EventDate "2006.06.19"]
[EventType "tourn (corr)"]
[EventRounds "12"]
[SourceTitle "Corr 2024"]
[Source "ChessBase"]
[SourceDate "2023.10.19"]
[SourceVersion "1"]
[SourceVersionDate "2023.10.19"]
[SourceQuality "1"]

1. d4 f5 2. e4 fxe4 3. Nc3 Nf6 4. Bg5 Nc6 5. d5 Ne5 6. Qd4 Nf3+ 7. Nxf3 exf3 8. gxf3 e6 9. Bxf6 gxf6 10. dxe6 dxe6 11. Qxd8+ Kxd8 12. 0-0-0+ Bd6 13. Bh3 Ke7 14. Ne4 Bf4+ 15. Kb1 f5 16. Nc5 Bd6 17. Nd3 e5 18. Rde1 Kf6 19. Rhg1 Be6 20. Re3 Bd5 21. Ree1 e4 22. fxe4 fxe4 23. Nc1 Bxh2 24. Rg2 Be5 25. Nb3 e3 26. f3 Bf4 27. Rg4 Bh6 28. f4 Rae8 29. Bg2 Bxg2 30. Rxg2 Bxf4 31. Nc5 b5 32. Nd7+ Kf5 33. a3 h5 34. Nc5 h4 35. Nd3 h3 36. Rge2 Bg3 37. Rh1 Ke4 38. Kc1 Kf3 39. Kd1 Rd8 40. b4 h2 41. Rf1+ Bf2 42. Rfxf2+ exf2 43. Rxf2+ Ke4 44. Rf1 Rxd3+ 45. cxd3+ Kxd3 46. Rh1 Rg8 47. Ke1 0-1

[Event "IECG TG.2006.0.15556"]
[Site "IECG email"]
[Date "2006.01.15"]
[Round "1"]
[White "Lunergan, Brian"]
[Black "Powell, Wayne"]
[Result "1-0"]
[WhiteElo "1018"]
[BlackElo "913"]
[PlyCount "47"]
[EventDate "2006.01.22"]
[EventType "match (corr)"]
[EventRounds "2"]
[SourceTitle "Corr 2008"]
[Source "ChessBase"]
[SourceDate "2008.06.24"]
[SourceVersion "1"]
[SourceVersionDate "2008.06.24"]
[SourceQuality "1"]

1. Nf3 g6 2. Nc3 Bh6 3. e4 Nf6 4. e5 Nh5 5. Bc4 Nc6 6. 0-0 e6 7. d4 0-0 8. Bxh6 Re8 9. g4 Nf4 10. Bxf4 Qe7 11. Nb5 d5 12. exd6 Qd7 13. Nxc7 b5 14. Bxb5 Bb7 15. Bg3 Rac8 16. Ne5 Rf8 17. Nxd7 Rfd8 18. Nf6+ Kg7 19. d7 Rxc7 20. Bxc7 Rf8 21. Qf3 Rh8 22. Ne8+ Kf8 23. Qf6 Rg8 24. Bxc6 1-0

[Event "IECG TG.2006.0.15556"]
[Site "IECG email"]
[Date "2006.01.15"]
[Round "2"]
[White "Powell, Wayne"]
[Black "Lunergan, Brian"]
[Result "0-1"]
[WhiteElo "913"]
[BlackElo "1018"]
[PlyCount "57"]
[EventDate "2006.01.22"]
[EventType "match (corr)"]
[EventRounds "2"]
[SourceTitle "Corr 2008"]
[Source "ChessBase"]
[SourceDate "2008.06.24"]
[SourceVersion "1"]
[SourceVersionDate "2008.06.24"]
[SourceQuality "1"]

1. e4 Nf6 2. f3 Nc6 3. Nc3 e5 4. d3 Bb4 5. Nge2 0-0 6. Be3 d5 7. Qd2 d4 8. Qc1 Be6 9. Bd2 dxc3 10. bxc3 Bc5 11. Rb1 Bxa2 12. Ra1 Be6 13. Ng3 a5 14. Ra4 Qd6 15. c4 Qd4 16. Ne2 Qf2+ 17. Kd1 Bb4 18. Rxb4 Nxb4 19. c3 Nxd3 20. Qc2 Bxc4 21. Nf4 Nb2+ 22. Qxb2 Bxf1 23. Qc2 exf4 24. Bxf4 Ng4 25. Kc1 Bxg2 26. Rd1 Qxf3 27. Bg5 f6 28. Qd3 fxg5 29. c4 0-1